Štefan Zvarík: Času nikto netlieska

Bibliographic Details
Main Author: Švenková, Viera, 1937- (Author)
Format: Article
Language:Slovak
Subjects:

MARC

LEADER 00000nab a2200000uu 4500
001 vtls011532179
003 SK-MaSNL
005 20260305010938.0
008 230302|2014 xo |||||||||||||||||slo|
015 |a SNBRB 
035 |a (urnnbn)urn:nbn:sk:snk:ar-a0aady 
035 |a (uuid)a442671d-665a-4010-9b0b-ec6f89ba9a6e 
035 |a urn:nbn:sk:snk-abehxk 
040 |a SNKBUCL  |b slo  |c SNKBUCL  |e AACR2 
041 0 |a slo 
044 |a xo  |c SK 
100 1 |a Švenková, Viera,  |d 1937-  |4 aut 
245 1 0 |a Štefan Zvarík: Času nikto netlieska  |c Viera Švenková 
650 0 7 |a slovenská poézia  |2 SNKPH  |9 215422 
655 7 |a recenzie  |2 SNKPH  |9 21907 
773 0 |t Slovenské pohľady  |g Roč. 130, č. 10 (2014), s. 130-131 
787 0 8 |i Rec.:  |a Zvarík, Štefan  |t Času nikto netlieska  |d Bratislava : Liečreh, 2014 
852 |a Slovenská národná knižnica 
954 |a odborná, vedecká literatúra pôvodná (slovenská)  |2 lita 
958 |a OND 
958 |a EUIPO 
958 |a article21 
999 |c 3249727  |d 3251657